Reverzné mikro turbíny na malé spády a prietoky

Salvato in:
Dettagli Bibliografici
Autore principale: Dzurech, Adam (Autore)
Altri autori: Olšiak, Róbert (Relatore della tesi)
Natura: Manoscritto Libro
Lingua:slovacco
Pubblicazione: 2023
Soggetti:
Accesso online:http://is.stuba.sk/zp/portal_zp.pl?podrobnosti=170392
Tags: Aggiungi Tag
Nessun Tag, puoi essere il primo ad aggiungerne!!

MARC

LEADER 00000ntm a22000003a 4500
001 stuzp93905
003 SK-STU
005 20231218105028.3
007 ta
008 150427s2015----xo-----f-mn---000-0-slo-d
040 |a STU  |b slo 
041 0 |a slo 
100 1 |a Dzurech, Adam  |u 020060  |4 aut  |U SjF Strojnícka fakulta  |T SjF Ústav energetických strojov a zariadení  |X 98586  |U J0060  |Y 805  |7 98586 
242 0 1 |a Reverse micro turbines for small head and flow rates  |y eng 
245 1 0 |a Reverzné mikro turbíny na malé spády a prietoky 
260 |c 2023 
650 4 |a Mikro turbína  |2 slo 
650 4 |a čerpadlo  |2 slo 
650 4 |a reverzný chod  |2 slo 
650 4 |a charakteristika  |2 slo 
650 4 |a účinnosť  |2 slo 
650 4 |a Microturbine  |2 eng 
650 4 |a characteristics  |2 eng 
650 4 |a reverse operation  |2 eng 
650 4 |a efficiency  |2 eng 
650 4 |a pump  |2 eng 
700 1 |a Olšiak, Róbert  |u 020060  |k Z1  |4 ths  |U SjF Strojnícka fakulta  |T SjF Ústav energetických strojov a zariadení  |X 2339  |U J0060  |Y 805  |7 A000002339 
856 4 |u http://is.stuba.sk/zp/portal_zp.pl?podrobnosti=170392 
996 |b 284J047290  |c J* 3530/DDP  |l JJSK  |s A  |a 24  |w stuzp93905_0001